000 01559cam a22003971 4500
001 18057
003 BD-RjUL
005 20211209000230.0
008 140219t19711965unk 000 0 eng
035 _a(BD-RjUL)
040 _aDLC
_cDLC
_dDLC
_beng
041 0 _aengenm
082 0 0 _a821.17
_bCHT 1971
100 1 _aChaucer, Geoffrey,
_d-1400.
_928465
245 1 0 _aTroilus and Creside /
_cGeoffrey Chaucer
260 _aLondon :
_bCentaur press ltd.,
_cc1965 [impression1971].
300 _a328 p. ;
_c25 cm.
490 0 _aGreat books of the Western World, v. 22
500 _aOriginal and modern versions in parallel columns.
500 _a"The Middle English versions ... are reprinted from The complete works of Geoffrey Chaucer, edited by W. W. Skeat."
500 _aTroilus and Cressida translated by George Philip Krapp; The Canterbury tales by J. U. Nicolson.
650 0 _aChristian pilgrims and pilgrimages
_zEngland
_zCanterbury
_vPoetry.
_955643
650 0 _aTroilus (Legendary character)
_vPoetry.
_955644
650 0 _aCressida (Fictitious character)
_vPoetry.
_955645
650 0 _aTrojan War
_vPoetry.
_955646
651 0 _aTroy (Extinct city)
_vPoetry.
_955647
700 1 _amargaret stanley-wrence
_eed.
_955648
700 1 _d1872-1934,
_etr.
_955649
700 1 _aNicolson, J. U.
_q(John Urban),
_d1885-
_etr.
_955650
700 1 2 _aChaucer, Geoffrey,
_d-1400.
_tCanterbury tales.
_955651
740 0 _aCanterbury tales.
942 _2ddc
_cBK
999 _c18057
_d18057